书目信息 |
| 题名: |
泡沫之夏
|
|
| 作者: | 明晓溪 著 | |
| 分册: | Ⅱ | |
| 出版信息: | 北京 新世界出版社 2006.08 |
|
| 页数: | 363页 | |
| 开本: | 20cm | |
| 丛书名: | ||
| 单 册: | ||
| 中图分类: | I247.5 | |
| 科图分类: | ||
| 主题词: | 长篇小说--中国--当代 | |
| 电子资源: | ||
| ISBN: | 7-80228-143-1 | |
| 000 | 00689nam0 2200217 450 | |
| 001 | 593818 | |
| 005 | 20100817100339.84 | |
| 010 | @a7-80228-143-1@dCNY22.00 | |
| 100 | @a20100515d2006 km y0chiy0120 ea | |
| 101 | 0 | @achi |
| 102 | @aCN@b150000 | |
| 105 | @ay y 000yy | |
| 200 | 1 | @a泡沫之夏@Apao mo zhi xia@hⅡ@f明晓溪著@Fming xiao xi zhu |
| 210 | @a北京@c新世界出版社@d2006.08 | |
| 215 | @a363页@d20cm | |
| 330 | @a本书讲述了洛熙、欧辰两位男主角和女主角夏沫三人之间的爱情纠葛,欧辰vs洛熙巅峰对决!夏沫最终会选择谁?敬请关注本书。 | |
| 606 | 0 | @a长篇小说@y中国@z当代 |
| 690 | @aI247.5@v4 | |
| 701 | 0 | @a明晓溪@Aming xiao xi@4著 |
| 801 | @aCN@c20100515 | |
| 905 | @dI247.5@eM8093:2@f3 | |
| 泡沫之夏.Ⅱ/明晓溪著.-北京:新世界出版社,2006.08 |
| 363页;20cm |
| ISBN 7-80228-143-1:CNY22.00 |
| 本书讲述了洛熙、欧辰两位男主角和女主角夏沫三人之间的爱情纠葛,欧辰vs洛熙巅峰对决!夏沫最终会选择谁?敬请关注本书。 |
| ● |
| 相关链接 |
|
|
|
正题名:泡沫之夏
索取号:I247.5/M8093:2
 
预约/预借
| 序号 | 登录号 | 条形码 | 馆藏地/架位号 | 状态 | 备注 |
| 1 | 1031035 | 210310359 | 社科二线422/422社科库 10排2列3层/ [索取号:I247.5/M8093:2] | 在馆 | |
| 2 | 1031036 | 210310368 | 文学库108/108文学库 34排2列5层/ [索取号:I247.5/M8093:2] | 在馆 | |
| 3 | 1031037 | 210310377 | 文学库108/108文学库 24排4列1层/ [索取号:I247.5/M8093:2] | 在馆 |